| 000 | 01220nam a22003017a 4500 | ||
|---|---|---|---|
| 001 | 7118 | ||
| 003 | FISKH | ||
| 005 | 20251024115206.0 | ||
| 008 | 250624b cb ||||| |||| 00| 0 eng d | ||
| 020 | _a9780064431880 | ||
| 040 |
_aFISKH _beng _cFISKH _dFISKH |
||
| 050 | _aPZ7.U27 L | ||
| 082 | _a177 | ||
| 100 | _aUdry, Janice May | ||
| 245 |
_aLet's be enemies / _cby Janice May Udry : Pictures by Maurice Sendak |
||
| 250 | _aFirst Harper Trophy edition, 1988 | ||
| 260 |
_aNew York : _bHarperCollins Publisher , _c1961. |
||
| 300 |
_a32 unnumbered pages : _bcolor illustrations ; _c15 cm . |
||
| 505 | _aJ | ||
| 520 | _aJames used to be my friend. But today he is my enemy. James and John are best friends--or at least they used to be. They shared pretzels, umbrellas, and even chicken pox. Now James always wants to be boss, and John doesn't want to be friends anymore. But when he goes to James' house to tell him so, something unexpected happens. | ||
| 521 | 8 |
_a470
_bLexile |
|
| 521 | 8 |
_aJ
_bRaz-Plus |
|
| 650 |
_aFriendship _vJuvenile Literatrue |
||
| 650 |
_aFighting _vJuvenile Literatrue |
||
| 700 |
_aSendak, Maurice _eIllustrator |
||
| 942 |
_2ddc _cBK _n0 |
||
| 999 |
_c7118 _d7118 |
||